The New Batman Project - Statistics

General Stats
  • This quiz has been taken 24 times
  • The average score is 16 of 24
Answer Stats
Picture Answer % Correct
Batman
100%
Alfred Pennyworth
93%
Commissioner Gordon
87%
Harley Quin
87%
Scarecrow
87%
The Joker
87%
The Penguin
87%
Two-Face
87%
Bane
80%
Poison Ivy
80%
The Riddler
80%
Killer Croc
73%
Carmine Falcone
67%
Clayface
67%
Firefly
67%
Hush
67%
Harvey Bullock
60%
Mr. Freeze
60%
Black Mask
53%
Anarky
47%
Mr. Bloom
40%
Psycho-Pirate
40%
Salvatore Maroni
40%
The Wizard
13%
No matching quizzes found
Score Distribution
Percent of People with Each Score
Percentile by Number Answered
Your Score History
You have not taken this quiz